Gasto social y desigualdad : (Registro nro. 4042)

Detalles MARC
000 -LEADER
fixed length control field 01101nam a2200229Ia 4500
003 - CONTROL NUMBER IDENTIFIER
control field OSt
005 - DATE AND TIME OF LATEST TRANSACTION
control field 20200727192725.0
008 - FIXED-LENGTH DATA ELEMENTS--GENERAL INFORMATION
fixed length control field 191128s1996 ck ad fr 000 0 spa d
040 ## - CATALOGING SOURCE
Original cataloging agency CO-JMCR
Transcribing agency CO-JMCR
041 0# - LANGUAGE CODE
Language code of text/sound track or separate title spa
082 04 - DEWEY DECIMAL CLASSIFICATION NUMBER
Classification number 339.522 /
Item number V868g
Edition number 23
100 1# - MAIN ENTRY--PERSONAL NAME
Personal name Vélez, Carlos Eduardo,
Relator term autor
9 (RLIN) 7917
245 10 - TITLE STATEMENT
Title Gasto social y desigualdad :
Remainder of title logros y extravíos : estudio de la incidencia del gasto público social en Colombia /
Statement of responsibility, etc. Carlos Eduardo Vélez
250 ## - EDITION STATEMENT
Edition statement Primera edición
260 ## - PUBLICATION, DISTRIBUTION, ETC.
Place of publication, distribution, etc. Bogotá :
Name of publisher, distributor, etc. Departamento Nacional de Planeación,
Date of publication, distribution, etc. 1996
300 ## - PHYSICAL DESCRIPTION
Extent xl, 442 páginas :
Other physical details gráficos a blanco y negro ;
Dimensions 23 cm.
505 0# - FORMATTED CONTENTS NOTE
Formatted contents note La importancia del gasto social, principales resultados y conclusiones -- La magnitud de la evolución del gasto público social en Colombia -- El efecto redistribuido del gasto público social -- La distribución de los servicios de educación, salud y cuidad
650 14 - SUBJECT ADDED ENTRY--TOPICAL TERM
Topical term or geographic name entry element Política de gastos públicos
Geographic subdivision Colombia
9 (RLIN) 7918
650 14 - SUBJECT ADDED ENTRY--TOPICAL TERM
Topical term or geographic name entry element Inversiones públicas
Geographic subdivision Colombia
9 (RLIN) 7919
650 14 - SUBJECT ADDED ENTRY--TOPICAL TERM
Topical term or geographic name entry element Desarrollo social
Geographic subdivision Colombia
9 (RLIN) 7920
942 ## - ADDED ENTRY ELEMENTS (KOHA)
Source of classification or shelving scheme Dewey Decimal Classification
Koha item type Books
Existencias
Withdrawn status Lost status Source of classification or shelving scheme Damaged status Not for loan Collection code Home library Current library Date acquired Source of acquisition Full call number Barcode Date last seen Copy number Koha item type
    Dewey Decimal Classification     Non-fiction Biblioteca Pública José María del Castillo y Rada Biblioteca Pública José María del Castillo y Rada 08/24/2018 Donación 339.522 / V868g 201808839 05/16/2024 Ej.1 Books